000 00498nam a2200181Ia 4500
999 _c5776
_d5776
003 OSt
005 20200811131858.0
008 190216s9999||||xx |||||||||||||| ||und||
020 _a8170140285
040 _coclc
082 _a657
_bGUP/B
100 _aGupta, S P
_9766
245 0 _aBusiness Statistics /
_cS P Gupta ; M P Gupta
250 _a11th Ed.
260 _bSultan Chand ANd Sons,
_c1986.
_aNew Delhi:
300 _a791p
942 _cBK
_2ddc
_h657
_iGUP/B
_k657
_mGUP/B